Química inorgánica
Guardat en:
| Autors principals: | , |
|---|---|
| Format: | Llibre |
| Idioma: | espanyol |
| Publicat: |
Barcelona
Reverté
1979
|
| Matèries: | |
| Etiquetes: |
Afegir etiqueta
Sense etiquetes, Sigues el primer a etiquetar aquest registre!
|
MARC
| LEADER | 00000nam a2200000 a 4500 | ||
|---|---|---|---|
| 001 | UCT4068 | ||
| 003 | CL-VaPUC | ||
| 008 | 961108e19790000SP |||||||||||||||||spa|d | ||
| 082 | 0 | 4 | |a 546 |b PUR |2 21 |
| 100 | 0 | |a Purcell, Keith F |e author |9 373170 | |
| 700 | |a Kotz, John C |e author |9 503372 | ||
| 245 | 1 | 0 | |a Química inorgánica |
| 300 | |a v | ||
| 942 | |c BK | ||
| 945 | |d 19961108 00:00:00 |a cmena | ||
| 260 | |a Barcelona |b Reverté |c 1979 | ||
| 650 | 0 | |a Química |9 259896 | |
| 650 | 0 | |a Átomos |9 259583 | |
| 650 | 0 | |a Núcleos atómicos |9 357366 | |
| 650 | 0 | |a Bioquímica |9 259492 | |
| 650 | 7 | |a PRODUCTOS QUIMICOS INORGANICOS |2 CL-VaPUC |9 344421 | |
| 650 | 0 | |a Metales |9 260686 | |
| 650 | 7 | |a METALES ALCALINOS |2 CL-VaPUC |9 373172 | |
| 650 | 7 | |a SUSTANCIAS |2 CL-VaPUC |9 373173 | |
| 583 | |a last modification |c 19961108 00:00:00 |k Rodrigo Vera | ||
| 999 | |c 253518 |d 253516 | ||
| 952 | |0 0 |1 0 |4 0 |6 546_000000000000000_PUR_1979 |7 0 |8 A |9 274403 |a BIBCUR |b BIBCUR |d 2019-11-19 |h v.1 |i 1787705 |o 546 PUR 1979 |p 1787705 |r 2025-04-22 |w 2019-11-19 |y BK |k QUI | ||
| 952 | |0 0 |1 0 |4 0 |6 546_000000000000000_PUR_1979 |7 0 |8 A |9 274404 |a BIBCUR |b BIBCUR |d 2019-11-19 |h v.1 |i 2085941 |o 546 PUR 1979 |p 2085941 |r 2025-04-22 |w 2019-11-19 |y BK |k QUI | ||
| 952 | |0 0 |1 0 |4 0 |6 546_000000000000000_PUR_1979 |7 0 |8 A |9 274406 |a BIBCUR |b BIBCUR |d 2019-11-19 |h v.2 |i 2087022 |o 546 PUR 1979 |p 2087022 |r 2025-04-22 |w 2019-11-19 |y BK |k QUI | ||